Pakistan treaty series 1947-60 vol. I & II (Record no. 297630)

000 -LEADER
fixed length control field 00390 a2200145 4500
001 - CONTROL NUMBER
control field 62557
082 ## - DEWEY DECIMAL CLASSIFICATION NUMBER
Classification number 341.0265491 MOF
090 ## - LOCALLY ASSIGNED LC-TYPE CALL NUMBER (OCLC); LOCAL CALL NUMBER (RLIN)
-- 37193
-- 37193
245 ## - TITLE STATEMENT
Title Pakistan treaty series 1947-60 vol. I & II
Remainder of title 2 vol.s set
260 ## - PUBLICATION, DISTRIBUTION, ETC.
Place of publication, distribution, etc. Islamabad
Name of publisher, distributor, etc. G O P
300 ## - PHYSICAL DESCRIPTION
Extent 644 p &667 p.
500 ## - GENERAL NOTE
General note pakistan
505 ## - FORMATTED CONTENTS NOTE
Formatted contents note Gifted Books
610 ## - SUBJECT ADDED ENTRY--CORPORATE NAME
Corporate name or jurisdiction name as entry element ministray of foreign affairs pakistan
942 ## - ADDED ENTRY ELEMENTS (KOHA)
Institution code [OBSOLETE] NUST-CAE
Call number prefix 341.0265491 MOF
Holdings
Withdrawn status Lost status Damaged status Not for loan Collection code Permanent Location Current Location Date acquired Total Checkouts Full call number Barcode Date last seen Price effective from Koha item type
          College of Aeronautical Engineering (CAE) College of Aeronautical Engineering (CAE) 04/03/2017   341.0265491 MOF CAEG-6044 04/05/2017 04/05/2017 Book
          College of Aeronautical Engineering (CAE) College of Aeronautical Engineering (CAE) 04/03/2017   341.0265491 MOF CAEG-6045 04/05/2017 04/05/2017 Book
© 2023 Central Library, National University of Sciences and Technology. All Rights Reserved.